Asuntos de los comunistas chinos en 1976 / (Registro nro. 2241)
[ vista simple ]
| 000 -CABECERA | |
|---|---|
| campo de control de longitud fija | 00843cam a2200181 a 4500 |
| 001 - NÚMERO DE CONTROL | |
| campo de control | 000002404 |
| 005 - FECHA Y HORA DE LA ÚLTIMA TRANSACCIÓN | |
| campo de control | 20200929150207.0 |
| 008 - DATOS DE LONGITUD FIJA--INFORMACIÓN GENERAL | |
| campo de control de longitud fija | 800312s1977 ch 001 0 spa |
| 040 ## - FUENTE DE LA CATALOGACIÓN | |
| Centro catalogador/agencia de origen | DO-SdBNP |
| Lengua de catalogación | spa |
| Centro/agencia transcriptor | BNPHU |
| 082 ## - NÚMERO DE LA CLASIFICACIÓN DECIMAL DEWEY | |
| Número de clasificación | 951.057 |
| Número de documento/Ítem | C456a |
| 100 1# - ENTRADA PRINCIPAL--NOMBRE DE PERSONA | |
| Nombre de persona | Chang, Chi-peng |
| 9 (RLIN) | 7629 |
| 245 10 - MENCIÓN DE TÍTULO | |
| Título | Asuntos de los comunistas chinos en 1976 / |
| Mención de responsabilidad, etc. | por Chang Chi-peng. |
| 260 ## - PUBLICACIÓN, DISTRIBUCIÓN, ETC. | |
| Lugar de publicación, distribución, etc. | Taipei, China : |
| Nombre del editor, distribuidor, etc. | Liga Mundial Anticomunista, Capítulo Chino, Liga Anticomunista de los Pueblos Asiáticos, República de China, |
| Fecha de publicación, distribución, etc. | 1977. |
| 300 ## - DESCRIPCIÓN FÍSICA | |
| Extensión | 188 p. ; |
| Dimensiones | 19 cm. |
| 500 ## - NOTA GENERAL | |
| Nota general | Título tomado de la cubierta del libro |
| 500 ## - NOTA GENERAL | |
| Nota general | "Los resultados de los estudios de los expertos locales en asuntos de los comunistas chinos, Chang Chi-peng, Wang Hsiao-tang, Hsiang Chuan-shu, Lin Chen, Li Feng-min y Chiang Tao." |
| 651 #0 - PUNTO DE ACCESO ADICIONAL DE MATERIA--NOMBRE GEOGRÁFICO | |
| Nombre geográfico | China |
| Subdivisión general | Política Y Gobierno |
| Subdivisión cronológica | 1976-2002. |
| 9 (RLIN) | 7630 |
| Estado de retiro | Estado de pérdida | Restricciones de uso | No para préstamo | Código de colección | Localización permanente | Ubicación/localización actual | Ubicación en estantería | Fecha de adquisición | Número de inventario | Total de préstamos | Signatura topográfica completa | Código de barras | Fecha visto por última vez | Precio válido a partir de | Tipo de ítem Koha |
|---|---|---|---|---|---|---|---|---|---|---|---|---|---|---|---|
| Préstamo interno | Monografías: Libros y Folletos | General | General | Depósito | 07.07.2009 | LF1 | 951.057 C456a | 2404-10 | 25.06.2020 | 25.06.2020 | Préstamo interno |
